Integrated paper presentation : CEA full time student (DVD 2) [

Bibliographic Details
Corporate Author: Institut Penilaian Negara
Format: Book
Language:Malay
Published: Bangi : Institut Penilaian Negara , 2015
Subjects:

MARC

LEADER 00000cam a2200000 7i4500
001 0000026033
005 20150525.0
008 150522 my v may
040 |a INS 
090 0 0 |a VCD 2333 
245 0 0 |a Integrated paper presentation :   |b CEA full time student (DVD 2) [  |h video disc]   |f 6 March 2015 
260 |a Bangi :   |b Institut Penilaian Negara ,   |c 2015 
300 |a 1video disc (1 hour 20 min.) :   |b sd. col. ;   |c 4 ¾ in. 
500 |a DVD 2 
500 |a Room 1 
650 0 |a Paperwork 
710 2 |a Institut Penilaian Negara 
999 |a VCD0002333   |b VIDEO CD   |c Media Collection   |e Default branch